Principles of electron optics (Record no. 12194)

MARC details
000 -LEADER
fixed length control field 00638nam a2200181Ia 4500
003 - CONTROL NUMBER IDENTIFIER
control field IN-BaIIA
008 - FIXED-LENGTH DATA ELEMENTS--GENERAL INFORMATION
fixed length control field 211028s9999 xx 000 0 eng d
020 ## - INTERNATIONAL STANDARD BOOK NUMBER
International Standard Book Number 0-12-333342-3
040 ## - CATALOGING SOURCE
Transcribing agency IIA Library
080 ## - UNIVERSAL DECIMAL CLASSIFICATION NUMBER
Universal Decimal Classification number 537.533
Item number HAW-2
245 #0 - TITLE STATEMENT
Title Principles of electron optics
Remainder of title vol. 2, applied geometrical optics
Statement of responsibility, etc. edited by P. W. Hawkes and E. Kasper
260 ## - PUBLICATION, DISTRIBUTION, ETC.
Place of publication, distribution, etc. London
Name of publisher, distributor, etc. Academic Press
Date of publication, distribution, etc. 1996
300 ## - PHYSICAL DESCRIPTION
Extent x, 629-1188p.
650 ## - SUBJECT ADDED ENTRY--TOPICAL TERM
Topical term or geographic name entry element Electron optics, Geometrical optics, Instrumental optics
9 (RLIN) 21295
700 ## - ADDED ENTRY--PERSONAL NAME
Personal name Hawkes, P. W., ed.
9 (RLIN) 21296
700 ## - ADDED ENTRY--PERSONAL NAME
Personal name Kasper, E., ed.
9 (RLIN) 21297
942 ## - ADDED ENTRY ELEMENTS (KOHA)
Koha item type Books
Holdings
Withdrawn status Lost status Damaged status Not for loan Home library Current library Shelving location Date acquired Cost, normal purchase price Total Checkouts Full call number Barcode Date last seen Cost, replacement price Price effective from Koha item type Purchase Price
        IIA Library-Bangalore IIA Library-Bangalore General Stacks 27/08/1997 4320.00   537.533/ HAW-2 13110 05/11/2021 4320.00 27/08/1997 Books Rs. 4320/ 3 vols. set

Powered by Koha